000 00310nam a22001337a 4500
020 _a978-0-571-21833-2
082 _a920
_bPAM/I
100 _aPAMUK,ORHAN
245 _aISTANBUL MEMORIES AND THE CITY
260 _aLONDON
_bFABER AND FABER
300 _a348
650 _aISTANBUL MEMORIES
_zLONDON
942 _cBK
999 _c5679
_d5679